| 000 | 00621nam a22002057a 4500 | ||
|---|---|---|---|
| 999 |
_c14856 _d14856 |
||
| 003 | AR-CdUCM | ||
| 008 | 190424b ||||| |||| 00| 0 spa d | ||
| 020 | _a978-84-9825-587-4 | ||
| 040 |
_aMUNICIPALIDAD PROVINCIAL DEL CUSCO _cBIBLIOTECA MUNICIPAL DEL CUSCO |
||
| 082 |
_aPI / 803.08 / _bC73 |
||
| 100 |
_aCapellades, Enriqueta _933803 |
||
| 245 | _aLa bella y la bestia / | ||
| 260 |
_aBarcelona : _bCombel. _c2010. |
||
| 300 |
_bIlustraciones, _c25 cm. |
||
| 440 |
_aTroquelados Clasicos _933804 |
||
| 650 |
_aTexto infantil _929090 |
||
| 650 |
_aCuento _94671 |
||
| 942 |
_2ddc _cLIBROS |
||
| 945 |
_arjall _d2019-04-24 |
||